| 000 | 00909nam a2200193Ii 4500 | ||
|---|---|---|---|
| 003 | JO-AjNU | ||
| 008 | 230605s9999||||xx |||||||||||||| ||und|| | ||
| 040 |
_aJO-AjNU _bara _erda _cJO-AjNU |
||
| 041 | _aara | ||
| 050 | 1 | 4 | _aLG395.2021 |
| 100 | 3 |
_aاعداد الرواضية، وليد وآخرون، الكتابهة والتنسيق مصعل الطلالعة, _eauthor _963486 |
|
| 245 | 0 | 0 | _aسيرة ومسيرة 1981-2021: اصدار خاص بمناسبة مرور 40 عاما على تاسيس جامعة مؤتة تزامنا مع الاحتفال بمئوية المملكة الاردنية الهاشمية |
| 264 | 3 | 1 | _aالاردن/الكرك: جامعة مؤته، 2021 |
| 300 | _a96ص | ||
| 336 |
_atext _btxt _2rdacontent |
||
| 337 |
_aunmediated _bn _2rdamedia |
||
| 338 |
_avolume _bnc _2rdacarrier |
||
| 650 | 4 |
_aجامعة مؤتة-سيرة ومسيرة 1981-2021-اصدار خاص _963487 |
|
| 999 |
_aA28801 _c32369 _d32369 |
||